000 00532nam a2200193 a 4500
005 20250116063830.0
008 991125s1923 new 000 0 spa u
035 _aUPN01000017656
049 _aCE
050 4 _aLB1025 S6.8
_b1923
100 1 _aSpencer, Herbert,
_d1820-1903
_94991
245 1 3 _aLa educación intelectual, moral y física /
_cpor Herberto Spencer
260 _aNew York :
_bJ. Appleton,
_c1923
300 _a271 p.
500 _aFotocopia
650 4 _aEducación
_9682
904 _aAC
_b017657
905 _aLibro
999 _c17656
_d17656